=LDR 00000nam 2200000 4500 =001 INLIS000000000037618 =005 20130612143337 =008 ***********************************ind** =035 ##$$0010-061300000037618 =041 ##$$a ind =082 ##$$a 552 =090 ##$$a 552, Pea =100 ##$$a Richard M. Pearl =245 ##$$a Rocks and Minerals =850 ##$$a NBPNMAT